The Messiah myth : the Near Eastern roots of Jesus and David /
محفوظ في:
المؤلف الرئيسي:
التنسيق: كتاب
اللغة: English
منشور في:
New York :
[Basic Books],
c2005.
الموضوعات:
الوسوم: إضافة وسم
لا توجد وسوم, كن أول من يضع وسما على هذه التسجيلة!
رقم الطلب: BT303 .T57 2005
| LEADER | 01781namaa2200325 4500 | ||
|---|---|---|---|
| 001 | 22018 | ||
| 003 | OSt | ||
| 005 | 20211031100524.0 | ||
| 008 | 130303s2005 nyu g b 001 0beng d | ||
| 952 | |0 0 |1 0 |2 lcc |4 0 |6 BT0303 T57 02005 |7 1 |9 21895 |a ARCE |b ARCE |d 2021-10-31 |l 0 |o BT303 .T57 2005 |p 1006307 |r 2021-10-31 00:00:00 |w 2021-10-31 |y BK | ||
| 999 | |c 21620 |d 21620 | ||
| 010 | |a 2004028573 | ||
| 020 | |a 0465085776 | ||
| 040 | |c ARCE Library | ||
| 043 | |a aw----- | ||
| 050 | 4 | |a BT303 .T57 2005 | |
| 100 | 1 | |a Thompson, Thomas L., |d 1939- |e author | |
| 245 | 1 | 4 | |a The Messiah myth : |b the Near Eastern roots of Jesus and David / |c Thomas L. Thompson. |
| 264 | 1 | |a New York : |b [Basic Books], |c c2005. | |
| 300 | |a xiii, 414 pages ; |c 25 cm. | ||
| 504 | |a Includes bibliographical references (p. 345-380) and indexes. | ||
| 505 | 0 | |a •Preface •Abbreviations •1. The Kingdom Of God •1. Historicizing the Figure of Jesus, the Messiah •2. The Figure of the Prophet •3. The Children and the Kingdom •4. The Song for a Poor Man •2. The Royal Ideology •5. The Myth of the Good King •6. The Myth of the Conquering Holy Warrior •7. The Myth of the Dying and Rising God •3. The Never-Ending Story •8. Holy War •9. Good King, Bad King •10. The Figure of David in Story and Song •Appendix 1. Examples of the Song for a Poor Man •Appendix 2. Testimonies of the Good King •Notes •Bibliography •Index of Biblical Citations •Subject Index | |
| 555 | |a wafaa.lib | ||
| 600 | 0 | 0 | |a Jesus Christ |x Genealogy. |
| 600 | 0 | 0 | |a Jesus Christ |x Historicity. |
| 630 | 0 | 0 | |a Bible. |p New Testament |x Criticism, interpretation, etc. |
| 630 | 0 | 0 | |a Bible. |p Old Testament |x Criticism, interpretation, etc. |
| 651 | 0 | |a Middle East |x History |y To 622. | |
| 901 | |a reviewed | ||
| 942 | |c BK |2 lcc | ||
